000 00523nam a2200181Ia 4500
001 9177
003 GE_BSU
008 181216s||||||||xx |||||||||||||| ||und||
040 _cGE_BSU
245 _aВокруг света №4(2883) 2014. Апрель
245 _bжурнал русского географического общества
245 _cГл.ред. А. Монахов
260 _aМосква
260 _c2014
300 _a164стр.27см.
653 _aВокруг света
942 _cCR
999 _c42481
_d42481